Pharmaceutical Analysis: a textbook for pharmacy students and pharmaceutical chemists (Record no. 1075)

MARC details
000 -LEADER
fixed length control field 00903cam a22003014a 4500
001 - CONTROL NUMBER
control field 13818185
003 - CONTROL NUMBER IDENTIFIER
control field OSt
005 - DATE AND TIME OF LATEST TRANSACTION
control field 20181017145345.0
008 - FIXED-LENGTH DATA ELEMENTS--GENERAL INFORMATION
fixed length control field 041217s2005 stka b 001 0 eng
010 ## - LIBRARY OF CONGRESS CONTROL NUMBER
LC control number 2004062930
020 ## - INTERNATIONAL STANDARD BOOK NUMBER
International Standard Book Number 0443074453
035 ## - SYSTEM CONTROL NUMBER
System control number (DNLM)101236760
040 ## - CATALOGING SOURCE
Original cataloging agency DNLM/DLC
Transcribing agency DLC
Modifying agency DLC
042 ## - AUTHENTICATION CODE
Authentication code pcc
050 00 - LIBRARY OF CONGRESS CALL NUMBER
Classification number RS189
Item number .W38 2005
060 10 - NATIONAL LIBRARY OF MEDICINE CALL NUMBER
Classification number QV 25
Item number W338m 2005
082 00 - DEWEY DECIMAL CLASSIFICATION NUMBER
Classification number QV 21 W29p 2005
Edition number 22
100 1# - MAIN ENTRY--PERSONAL NAME
Personal name Watson, David G.,
9 (RLIN) 2894
245 10 - TITLE STATEMENT
Title Pharmaceutical Analysis: a textbook for pharmacy students and pharmaceutical chemists
250 ## - EDITION STATEMENT
Edition statement 2nd ed.
260 ## - PUBLICATION, DISTRIBUTION, ETC. (IMPRINT)
Place of publication, distribution, etc. Edinburgh;
Name of publisher, distributor, etc. Elsevier,
Date of publication, distribution, etc. 2005.
300 ## - PHYSICAL DESCRIPTION
Extent xiii, 382 p. :
Other physical details ill. ;
Dimensions 25 cm.
504 ## - BIBLIOGRAPHY, ETC. NOTE
Bibliography, etc Includes bibliographical references and index.
650 12 - SUBJECT ADDED ENTRY--TOPICAL TERM
Topical term or geographic name as entry element Pharmaceutical analysis
9 (RLIN) 2896
650 22 - SUBJECT ADDED ENTRY--TOPICAL TERM
Topical term or geographic name as entry element Pharmaceutics
9 (RLIN) 2899
906 ## - LOCAL DATA ELEMENT F, LDF (RLIN)
a 7
b cbc
c orignew
d 1
e ocip
f 20
g y-gencatlg
942 ## - ADDED ENTRY ELEMENTS (KOHA)
Source of classification or shelving scheme Other/Generic Classification Scheme
Koha item type Short Loan
Holdings
Withdrawn status Lost status Source of classification or shelving scheme Damaged status Not for loan Home library Current library Date acquired Source of acquisition Inventory number Total Checkouts Full call number Barcode Date last seen Koha item type
    Other/Generic Classification Scheme     MUST Main Library MUST Main Library 25/02/2015   06/26674   QV21 W29p 2005 2015-0351 25/02/2015 Short Loan
    Other/Generic Classification Scheme     MUST Main Library MUST Main Library 25/02/2015   06/26675   QV21 W29p 2005 2015-0352 25/02/2015 Short Loan
    Other/Generic Classification Scheme     MUST Main Library MUST Main Library 25/02/2015   05/24383   QV21 W29p 2005 2015-0353 25/02/2015 Short Loan
    Other/Generic Classification Scheme     Pharmacy Department Library Pharmacy Department Library 20/03/2017   11/00049   QV21 W29p 2005 2017-0429 20/03/2017 Short Loan
    Other/Generic Classification Scheme     Pharmacy Department Library Pharmacy Department Library 20/03/2017   11/00050   QV21 W29p 2005 2017-0430 20/03/2017 Short Loan